000
00255nam a22000977a 4500
999
_c
11742
_d
11742
008
200113b ||||| |||| 00| 0 eng d
020
_a
9780823428564
100
_a
Lewin Ted
_9
7430
245
_a
What Am I? Where Am I?
260
_a
New York
_b
Holiday House
_c
2013